ՀՀ Գիտությունների ազգային ակադեմիայի հիմնարար գիտական գրադարան  =   Fundamental Scientific Library of NAS RA

Dictionnaire étymologique des noms de famille et prénoms de France / (Record no. 188439)

MARC details
000 -LEADER
fixed length control field 00621nam a2200205 u 4500
001 - CONTROL NUMBER
control field 000507668
003 - CONTROL NUMBER IDENTIFIER
control field AM-YeHGA
005 - DATE AND TIME OF LATEST TRANSACTION
control field 20250617134823.0
008 - FIXED-LENGTH DATA ELEMENTS--GENERAL INFORMATION
fixed length control field 061108s1951 fr b|| |r|||||000|0|fre|d
040 ## - CATALOGING SOURCE
Original cataloging agency AM-YeHGA
041 0# - LANGUAGE CODE
Language code of text/sound track or separate title fre
090 ## - LOCALLY ASSIGNED LC-TYPE CALL NUMBER (OCLC); LOCAL CALL NUMBER (RLIN)
-- 189906
100 1# - MAIN ENTRY--PERSONAL NAME
Personal name Dauzat, Albert,
Dates associated with a name 1877-1955
245 10 - TITLE STATEMENT
Title Dictionnaire étymologique des noms de famille et prénoms de France /
Statement of responsibility, etc. Par Albert Dauzat.
260 ## - PUBLICATION, DISTRIBUTION, ETC.
Place of publication, distribution, etc. Paris :
Name of publisher, distributor, etc. Larousse,
Date of publication, distribution, etc. 1951.
300 ## - PHYSICAL DESCRIPTION
Extent xxii, [4], 604, 16 p. :
Other physical details ill. ;
Dimensions 20 cm.
500 ## - GENERAL NOTE
General note "Supplément": 16 p. at end.
504 ## - BIBLIOGRAPHY, ETC. NOTE
Bibliography, etc. note Bibliogr.: p. [xxv].
650 #0 - SUBJECT ADDED ENTRY--TOPICAL TERM
Topical term or geographic name entry element Names, Personal
Geographic subdivision France.
Holdings
Withdrawn status Lost status Source of classification or shelving scheme Damaged status Not for loan Collection Home library Current library Date acquired Total checkouts Full call number Barcode Date last seen Price effective from Koha item type Public note
    Universal Decimal Classification     Jahukyan Individual Collection Fundamental Scientific Library Fundamental Scientific Library 04/08/2022   Djauk/3657 906003657 28/12/2016 28/12/2016 Գրքեր / Books ILL Non-Circ.


ՀՀ ԳԱԱ հիմնարար գիտական գրադարան
ՀՀ,Երևան 0019
Մարշալ Բաղրամյան 24/6
հեռախոս:(374-10) 52-47-50
Հետադարձ կապ

All site content, except where otherwise noted, is licensed under a
Creative Commons License